[Event "EIWCC 2018"]
[Site "Vysoke Tatry"]
[Date "2018.04.10"]
[Round "3"]
[White "Shuvalova, Polina"]
[Black "Dzagnidze, Nana"]
[Result "0-1"]
[WhiteElo "2389"]
[BlackElo "2507"]
[Annotator "TA"]
[PlyCount "66"]
[EventDate "2018.??.??"]
[EventType "swiss"]
[EventCountry "SVK"]
[SourceTitle "playchess.com"]
[Source "ChessBase"]
[SourceQuality "1"]

{[%evp 11,66,17,17,0,3,0,2,8,8,0,-7,-14,-16,-26,-17,-29,-8,-11,-17,-44,-47,-44,-42,-43,-56,-57,-47,-110,-50,-50,-56,-159,-127,-195,-178,-221,-221,-224,-223,-269,-224,-620,-493,-610,-601,-569,-469,-432,-453,-750,-406,-374,-277,-715,-616,-691,-688]} 1. d4 d5 2. c4 e6 3. Nf3 a6 4. e3 Nf6 5. b3 (5. Nc3 dxc4 6. Bxc4 c5 7. O-O b5 8. Be2 Bb7 9. dxc5 Qxd1 10. Rxd1 Nc6 11. b3 Bxc5 12. Bb2 O-O 13. Nd2 Be7 14. Bf3 Rfd8 15. Nde4 Nxe4 16. Nxe4 f5 17. Ng3 Na5 18. Ne2 Bxf3 19. gxf3 Kf7 20. f4 Rxd1+ 21. Rxd1 {1-0 (46) Andreikin,D (2712)-Yu,Y (2751) Huaian 2017}) 5... b6 6. Bd3 {D30: Queen's Gambit Declined: Systems without Nc3} Bb7 {LiveBook: 10 Games} 7. cxd5 exd5 8. O-O {The position is equal.} Nbd7 $146 ({Predecessor:} 8... Bd6 9. Bb2 O-O 10. Ne5 Re8 11. Nd2 Nbd7 12. f4 Nf8 13. a3 {0-1 (41) Hoi,C (2445)-Arnason,J (2525) Ostersund 1992}) 9. Bb2 Bd6 10. Nbd2 Qe7 11. a3 O-O 12. b4 Ne4 13. Nb3 f5 14. Rc1 f4 15. Qc2 fxe3 16. fxe3 Ng5 17. Nxg5 $1 Qxe3+ 18. Kh1 Qxg5 19. Bxh7+ Kh8 20. Bf5 $1 {[%cal Rf5d7]} Qh6 $40 {[%csl Gd6][%cal Rh6h2][%mdl 128] Black has some attack.} 21. g4 {[#]} (21. g3 $15 Nf6 22. Qd2) 21... Nf6 $1 $17 {[%cal Rf6e4]} 22. g5 (22. Qd2 $17 Qh4 23. Qg2) 22... Qxg5 $19 23. Rf3 {[#] Black must now prevent Rg1.} Bc8 $1 24. Bxc8 Raxc8 25. Rg1 Qh5 ({But not} 25... Qh6 26. Bc1 $17) 26. Rf5 $2 (26. Qg2 Ng4 27. Nd2) 26... Qh7 {Threatens to win with ...Ne4.} 27. Rgf1 Ne4 28. Rxf8+ Rxf8 29. Rxf8+ Bxf8 30. Kg1 (30. Qg2 $142) 30... Bd6 31. Qe2 Qh3 32. Bc1 $2 (32. Nd2) 32... Kg8 33. Nd2 Qc3 {Precision: White = 31%, Black = 68%.} 0-1

[Event "EIWCC 2018"]
[Site "Vysoke Tatry"]
[Date "2018.04.10"]
[Round "3"]
[White "Schleining, Zoya"]
[Black "Goryachkina, Aleksandra"]
[Result "1/2-1/2"]
[WhiteElo "2382"]
[BlackElo "2495"]
[Annotator "TA"]
[PlyCount "221"]
[EventDate "2018.??.??"]
[EventType "swiss"]
[EventCountry "SVK"]
[SourceTitle "playchess.com"]
[Source "ChessBase"]
[SourceQuality "1"]

{[%evp 15,221,11,3,-6,0,-4,15,-2,-10,-16,0,-13,0,7,15,-6,0,-8,10,0,8,9,27,11,37,-31,-31,-31,-30,-30,-30,-30,-29,-35,-31,-30,-28,-36,-23,-40,-33,-36,-45,-55,-55,-61,-32,-40,-41,-41,-41,-49,-12,-22,-17,-29,0,0,0,0,0,0,0,-39,-27,-27,-27,-84,0,0,102,116,131,-8,-8,-8,-8,-8,-8,-8,440,345,977,834,734,0,0,-8,-8,-8,-8,-8,-8,-8,-8,-8,0,0,0,0,0,0,0,0,0,0,0,0,0,0,0,-8,-8,-8,-8,-8,0,-8,-8,-8,-8,-8,-8,-8,-8,-8,-8,-8,-8,-8,0,0,0,0,0,-8,-8,-8,0,-8,-8,-8,-8,-8,-8,-8,-8,-8,-8,-8,-8,-8,-8,-8,-8,-8,-8,-8,-8,-8,-8,-8,-8,-8,-8,-8,-8,-8,-8,-8,-8,-8,-8,-8,-8,-8,-8,-8,-8,-8,-8,-8,-8,-8,0,0,0,0,0,-8,-8,-8,-8,0,0,0,0,0,0,-8,0,-8,-8,-8,0,-8,-8,-8]} 1. d4 d5 2. Bg5 h6 3. Bh4 c6 4. e3 Qb6 5. b3 Bf5 6. Nf3 e6 7. Bd3 Bxd3 8. Qxd3 Ne7 {LiveBook: 9 Games. D00: 1 d4 d5: Unusual lines} 9. Bg3 (9. O-O Nf5 10. Bg3 Nxg3 11. hxg3 Nd7 12. c4 Be7 13. Nc3 O-O 14. Rab1 Rfd8 15. b4 Rac8 16. Rfc1 {1-0 (42) Artemiev,V (2691)-Rublevsky,S (2683) Moscow 2017}) 9... Nd7 10. h3 c5 $146 ({Predecessor:} 10... Nf5 11. Bh2 g6 12. Nbd2 Bg7 13. O-O c5 14. c3 O-O 15. Rac1 Rfd8 16. Rfd1 Rac8 {0-1 (41) Vogel,F-Marcotulli,G IECC email 2000}) 11. Nc3 Nc6 12. O-O cxd4 13. exd4 Be7 14. Nb5 O-O 15. Bc7 Qa6 16. a4 Rac8 17. Rfc1 b6 18. Bd6 Nf6 19. Bxe7 Nxe7 20. Nd6 ({White should play} 20. Ne5 $14) 20... Qxd3 $15 21. cxd3 Rxc1+ $1 22. Rxc1 Rd8 23. Nb5 Rc8 24. Rxc8+ Nxc8 $11 {[%mdl 4096] Endgame KNN-KNN} 25. Ne5 Ne8 26. Nc6 a6 27. Nc3 Nc7 28. b4 Kf8 29. g4 Ke8 30. Kg2 f6 (30... Kd7 $5 {[%cal Rd7c6]} 31. Ne5+ Ke7 $15) 31. f4 Kd7 32. Nb8+ $1 Kd6 33. h4 g6 {[%cal Bg7g6,Bg6g5][%mdl 32]} 34. Kf3 Ne7 35. Ne2 Nc8 36. Ng3 Na7 37. f5 exf5 38. gxf5 g5 39. Nh5 Ke7 40. Kg4 a5 41. b5 {[#]} (41. hxg5 $11 {keeps the balance.} hxg5 42. bxa5 bxa5 43. Ng7) 41... Ne8 (41... Naxb5 $1 $17 {[%mdl 512]} 42. Nc6+ (42. axb5 Nxb5) 42... Kd6 43. axb5 Nxb5 44. hxg5 hxg5) 42. Ng3 Ng7 (42... Nd6 $11 {remains equal.}) 43. hxg5 $16 fxg5 44. Nc6+ (44. Ne2 $16) 44... Nxc6 $11 45. bxc6 {KN-KN} Ne8 46. Kh5 $1 {[%cal Rh5h6]} Kd6 47. Kxh6 Kxc6 $2 {[%mdl 8192]} (47... g4 $11 {and Black has nothing to worry.}) 48. Kxg5 $18 {Threatens to win with f6.} b5 $2 (48... Nc7 49. f6 Ne6+ 50. Kf5 Nxd4+ 51. Kg6 Nf3) 49. axb5+ Kxb5 {[#]} 50. Ne2 $2 (50. f6 $1 $18 {[%cal Rf6f7] Black must now prevent f7.} Nc7 51. f7 Ne6+ 52. Kf6) 50... Kb4 $11 {The position is equal.} 51. Kf4 a4 52. Ke5 a3 53. Nc1 Kc3 54. Kxd5 Kb2 55. Kc4 Nd6+ (55... Kxc1 $5 56. Kb3 $8 Kd2 $11) 56. Kb4 Nxf5 57. d5 Nd4 58. d6 Nc2+ 59. Kc5 Kxc1 {KN-KPP} 60. d7 a2 61. d8=Q a1=Q 62. Qg5+ Kd1 63. Qg1+ (63. Qh5+ {looks sharper.} Ke1 64. Qh1+ Ke2 65. Qg2+ Kxd3 66. Qg6+) 63... Ne1 {Hoping for ...Qa7+.} 64. Qg4+ Kd2 65. Qf4+ Kxd3 66. Qg3+ Ke2 67. Qh2+ Kf3 68. Qh5+ Kg3 69. Qg5+ Kf2 70. Qd2+ Kf3 71. Qd5+ Ke2 72. Qe4+ Kd2 73. Qf4+ Kd3 (73... Kd1 $5 {[%cal Re1d3]} 74. Qd6+ Kc2 $11) 74. Qg3+ Ke4 75. Qg4+ Ke3 76. Qg5+ Ke2 77. Qe7+ (77. Qg4+ {keeps more tension.} Kf2 78. Qf5+ Nf3 79. Qc2+ Kg3 80. Qg6+) 77... Kf1 78. Qf7+ Kg1 79. Qg6+ Ng2 80. Qd3 Qa7+ 81. Kc6 Ne3 82. Qb1+ Kf2 83. Qb2+ Kg3 84. Qe5+ Kg4 85. Qe6+ Kg5 86. Qg8+ Kf4 87. Qf8+ Nf5 88. Qb4+ Kg5 89. Qd2+ Kf6 90. Qb2+ Kg6 91. Qg2+ Kf7 92. Qd5+ Kf6 93. Qd8+ Ne7+ 94. Kb5 Kf7 95. Qb6 Qa2 96. Qc7 Qb3+ 97. Ka5 Ke8 98. Qe5 Kd7 99. Qd4+ Kc7 100. Qe5+ Kd8 101. Qh8+ Kd7 102. Qd4+ Nd5 103. Qg7+ Kc6 {[%csl Gc6][%cal Rb3b5]} 104. Qh6+ Kc5 {[%csl Gc5][%cal Rb3b5]} 105. Qf8+ Kd4 106. Qg7+ Kd3 107. Qg6+ Kd2 {Strongly threatening ...Qa3+.} 108. Qg2+ Kc1 109. Qf1+ Kb2 {( -> ...Qb6+)} 110. Qb5 Qxb5+ 111. Kxb5 {Precision: White = 57%, Black = 56%.} 1/2-1/2

[Event "EIWCC 2018"]
[Site "Vysoke Tatry"]
[Date "2018.04.10"]
[Round "3"]
[White "Gara, Anita"]
[Black "Khotenashvili, Bela"]
[Result "1/2-1/2"]
[WhiteElo "2369"]
[BlackElo "2484"]
[Annotator "TA"]
[PlyCount "67"]
[EventDate "2018.??.??"]
[EventType "swiss"]
[EventCountry "SVK"]
[SourceTitle "playchess.com"]
[Source "ChessBase"]
[SourceQuality "1"]

{[%evp 23,67,8,15,30,23,15,37,25,76,78,95,66,59,31,87,30,9,0,0,0,0,8,8,4,63,68,44,0,0,0,0,0,0,0,0,0,0,0,0,0,0,0,0,0,0,0]} 1. e4 c6 2. d4 d5 3. Nd2 dxe4 4. Nxe4 Bf5 5. Ng3 Bg6 6. c3 e6 7. Nh3 Bd6 8. Nf4 Qc7 {B18: Classical Caro-Kann: 4...Bf5 sidelines} 9. Qf3 Nf6 10. h4 Nbd7 11. h5 Bc2 12. h6 gxh6 {LiveBook: 11 Games} 13. Ngh5 Nxh5 $1 14. Rxh5 {[#]} Bg6 $146 {[#] Hoping for ...Bxf4.} ({Predecessor:} 14... O-O-O 15. Bd3 Bxd3 16. Nxd3 e5 {1-0 (46) Onischuk,V (2628)-Antal,G (2539) Gjakova 2016}) 15. Rxh6 Bxf4 (15... O-O-O $11 {keeps the balance.}) 16. Bxf4 $16 Qa5 17. Bd3 O-O-O 18. Kf1 Qd5 (18... e5 $14 19. dxe5 Nxe5 20. Qh3+ Rd7 21. Bxg6 Nxg6) 19. Qh3 (19. Be2 $16) 19... Rhg8 $11 20. Bxg6 hxg6 21. b3 g5 22. Bh2 f5 23. Re1 Rde8 (23... f4 $11) 24. Be5 $14 Qa5 25. Re2 (25. Bd6 {looks sharper.} Qxa2 26. c4 Qd2 27. Qe3 Qxe3 28. Rxe3 Nf8 29. d5) 25... Nxe5 {The position is equal.} 26. Rxe5 Qxa2 27. Rhxe6 Rxe6 28. Rxe6 $11 {[%mdl 4096] Endgame KQR-KQR} g4 29. Qh7 Rf8 30. Qg7 Rd8 31. Qf7 Qb1+ 32. Re1 Qd3+ 33. Kg1 Qxc3 34. Qxf5+ {Precision: White = 63%, Black = 53%.} 1/2-1/2

[Event "EIWCC 2018"]
[Site "Vysoke Tatry"]
[Date "2018.04.10"]
[Round "3"]
[White "Kovanova, Baira"]
[Black "Paehtz, Elisabeth"]
[Result "0-1"]
[WhiteElo "2368"]
[BlackElo "2468"]
[Annotator "TA"]
[PlyCount "82"]
[EventDate "2018.??.??"]
[EventType "swiss"]
[EventCountry "SVK"]
[SourceTitle "playchess.com"]
[Source "ChessBase"]
[SourceQuality "1"]

{[%evp 16,82,29,29,25,25,26,39,37,35,44,41,26,28,23,32,66,31,34,42,29,35,36,18,30,44,29,32,26,-31,-31,-39,-62,-109,-137,-141,-116,-121,-112,-285,-269,-272,-283,-393,-383,-426,-192,-175,-176,-178,-189,-287,-281,-428,-428,-384,-404,-677,-658,-739,-725,-710,-649,-1339,-1264,-12837,-12838,-6137,-6110]} 1. c4 g6 2. Nf3 Bg7 3. d4 Nf6 4. Nc3 O-O 5. e4 d6 6. Be2 Na6 7. O-O e5 8. dxe5 dxe5 9. Qc2 {LiveBook: 14 Games. E94: King's Indian: Classical: 6 Be2 e5 7 0-0: Various Black 7th moves} (9. Be3 c6 10. Qxd8 Rxd8 11. Rfd1 Re8 12. h3 Bf8 13. Nd2 Nc5 14. b4 Ne6 15. c5 Nd4 16. Bd3 a5 17. a3 Rd8 18. Nc4 axb4 19. axb4 Rxa1 20. Rxa1 {½-½ (97) Grachev,B (2657)-Shimanov,A (2606) Kaliningrad 2015}) 9... Nb4 10. Qb3 Nc6 11. Bg5 {[%cal Bc1g5,Bg5h4,Bh4g3,Bg3f4][%mdl 32] White has an edge.} h6 12. Rad1 Nd4 13. Nxd4 exd4 14. Bh4 g5 15. Bg3 c5 16. e5 $146 ({Predecessor:} 16. Nd5 Nxe4 {0-1 (24) Prchly,M (2269)-Pytlik,L (2403) ICCF email 2006}) 16... Nd7 17. Nd5 {Threatens to win with e6!} Nxe5 18. f4 gxf4 19. Bxf4 Be6 20. Qg3 Ng6 21. Bd6 Bxd5 22. cxd5 ({White should try} 22. Bxf8 $11 Be5 23. Qf2) 22... Re8 $15 23. Bh5 {[#] Rxf7! is the strong threat.} Re3 24. Rf3 Rxf3 25. Bxf3 c4 26. Bc7 Qd7 27. Be4 $2 {[#]} (27. Kh1 $17) 27... Re8 $1 $19 {[%cal Re8e4]} 28. Bxg6 {Hoping for Bh5.} Re3 ({Don't play} 28... fxg6 29. Qxg6 Qf7 30. Qxf7+ Kxf7 31. Rf1+ Ke7 32. Rc1 $17) 29. Bxf7+ Qxf7 30. Qd6 Bf8 $40 {[%mdl 128] Black has strong attack.} (30... d3 $142 {And now ...Qh5 would win.} 31. Ba5 b6) 31. Qf4 Qxf4 32. Bxf4 {[%mdl 4096] Endgame KRB-KRB} Re4 33. Bg3 (33. g3 $142) 33... d3 34. Bf2 (34. d6 {keeps fighting.} Rd4 35. Kf2) 34... Re2 35. Bd4 Bg7 36. Bxa7 (36. Bc3 $142 Bxc3 37. bxc3) 36... Rxb2 {Black is clearly winning.} 37. d6 Kf7 38. Bc5 Ke8 39. Rf1 b6 40. Ba3 Bd4+ 41. Kh1 Rf2 {Precision: White = 41%, Black = 69%.} 0-1

[Event "EIWCC 2018"]
[Site "Vysoke Tatry"]
[Date "2018.04.10"]
[Round "3"]
[White "Michna, Marta"]
[Black "Mamedjarova, Turkan"]
[Result "0-1"]
[WhiteElo "2367"]
[BlackElo "2274"]
[Annotator "TA"]
[PlyCount "126"]
[EventDate "2018.??.??"]
[EventType "swiss"]
[EventCountry "SVK"]
[SourceTitle "playchess.com"]
[Source "ChessBase"]
[SourceQuality "1"]

{[%evp 13,126,44,46,26,31,38,29,-15,-11,-25,-18,-19,17,-19,-30,-27,2,-41,-42,-53,-36,-64,-27,-35,-29,-39,-38,-42,-37,-83,-52,-62,-29,-35,0,0,16,16,13,6,16,12,15,-79,-100,-206,-246,-224,-219,-197,-190,-306,-305,-291,-277,-457,-392,-412,-396,-625,-615,-559,-406,-435,-423,-401,-333,-305,-310,-329,-321,-322,-321,-680,-673,-683,-694,-671,-181,-361,-368,-359,-250,-785,-734,-1029,-904,-1261,-1218,-1418,-1231,-1108,-1489,-1498,-1515,-1493,-1468,-1469,-1310,-1455,-1366,-2430,-2054,-29970,-29975,-29968,-29968,-6390,-6070,-29972,-29973,-29980,-29981,-29981,-29982]} 1. d4 d5 2. Bf4 Nf6 3. e3 e6 4. Nf3 Bd6 5. Bd3 Bxf4 6. exf4 c5 {D02: 1 d4 d5 2 Nf3 sidelines, including 2...Nf6 3 g3 and 2...Nf6 3 Bf4} 7. dxc5 Qa5+ {LiveBook: 4 Games} 8. Qd2 Qxc5 {White has an edge.} 9. Nc3 O-O 10. O-O-O a6 $146 ({Find the theoretical novelty and annotate with similar games:} 10... Nc6 11. Ne5 {1-0 (28) Jobava,B (2713)-Tissir,M (2380) Dubai 2014}) 11. Kb1 b5 12. Nd4 Nbd7 13. Qe3 (13. g4 $5) 13... Nb6 14. Rhe1 Bd7 15. Nb3 Qxe3 (15... Qd6 {NOTEXT} 16. Nd2 b4 17. Ne2 a5 18. Nf3 a4) 16. Rxe3 Rfc8 17. Ne2 g6 18. Ned4 b4 19. Re2 a5 {[%cal Ba6a5,Ba5a4,Ba4a3][%mdl 32]} 20. Nd2 {[%cal Bb3d2,Bd2f1,Bf1e3,Be3g4][%mdl 32]} a4 21. f3 Nh5 22. g3 Ra5 23. Nf1 a3 {[#] Strongly threatening ...axb2.} 24. b3 Ng7 25. Ne3 f6 {...e5 is the strong threat.} 26. Ng4 Kf7 27. Rde1 Na8 28. f5 (28. Nh6+ $11 Kf8 29. Ng4) 28... gxf5 $17 29. Nxf5 (29. Ne3 $17 Nb6 30. f4) 29... Nxf5 $19 30. Bxf5 exf5 31. Re7+ Kg6 32. Rxd7 (32. Nxf6 {was necessary.} Kxf6 33. Rxd7) 32... fxg4 33. fxg4 Rc7 34. Rd8 $2 (34. Ree7 {was the only defense.} Rxd7 35. Rxd7) 34... Nb6 35. h4 Rac5 36. h5+ (36. Rg8+ $142 Kf7 37. Rh8) 36... Kh6 37. Re2 Rc8 38. Rd6 R5c6 39. Ree6 Rxd6 40. Rxd6 {[%mdl 4096] Endgame KRN-KR} Re8 {[%cal Re8e1]} 41. Kc1 Nc8 42. Rxf6+ Kg5 43. Rf7 $2 (43. Rf5+ Kxg4 44. Rxd5) 43... Nd6 44. Rxh7 Kxg4 45. h6 Re1+ 46. Kd2 Rh1 47. Kd3 Ne4 ({But not} 47... Kxg3 48. Kd4 $19) 48. Kd4 $2 (48. Rh8) 48... Nc3 49. Rg7+ Kf3 50. h7 Nxa2 51. Rf7+ Kxg3 52. Kc5 Rh2 53. Rg7+ Kf4 54. Rf7+ Ke5 55. Re7+ Kf6 56. Ra7 Rxc2+ 57. Kxd5 Rh2 58. Rc7 Nc3+ 59. Kc4 Rh4+ 60. Kc5 {[#]} Na4+ $1 {[%mdl 512]} 61. Kb5 (61. bxa4 a2) 61... a2 {Black mates.} 62. Rc1 Nc3+ 63. Kc5 Nb1 {Precision: White = 33%, Black = 70%.} 0-1

[Event "EIWCC 2018"]
[Site "Vysoke Tatry"]
[Date "2018.04.10"]
[Round "3"]
[White "Ziaziulkina, Nastassia"]
[Black "Nechaeva, Marina"]
[Result "1/2-1/2"]
[WhiteElo "2363"]
[BlackElo "2413"]
[Annotator "TA"]
[PlyCount "53"]
[EventDate "2018.??.??"]
[EventType "swiss"]
[EventCountry "SVK"]
[SourceTitle "playchess.com"]
[Source "ChessBase"]
[SourceQuality "1"]

{[%evp 13,53,31,21,22,28,9,14,10,10,13,10,11,10,16,56,46,39,52,61,-34,-34,-82,-74,-79,0,0,0,-7,10,10,10,10,10,10,16,17,13,10,10,10,10,0]} 1. e4 c6 2. Nc3 d5 3. Nf3 Bg4 4. h3 Bxf3 5. Qxf3 e6 6. Be2 Bc5 {B11: Caro-Kann: Two Knights Variation} 7. O-O Nd7 {LiveBook: 4 Games} 8. exd5 exd5 9. Rd1 $146 ({Predecessor:} 9. Qg3 Bd4 10. d3 Ne7 11. Bf4 O-O 12. Bc7 Qc8 13. Bg4 f5 14. Bh5 {1-0 (47) Stevic,H (2621)-Bodiroga,P (2399) Zadar 2010}) 9... Bd4 10. Re1 {With the idea Ba6+.} Ne7 11. Bd1 O-O 12. Ne2 Bb6 13. d4 Nf6 14. c3 Ne4 15. Bc2 f5 16. Qd3 (16. h4 $14) 16... Ng6 $15 17. f3 Qh4 18. Be3 {[#]} Ng3 (18... Ng5 $1 $17) 19. Bf2 {The position is equal.} Bc7 20. Qd2 Rf6 (20... Nxe2+ {is interesting.} 21. Rxe2 Qh5 22. Kf1 Nf4 23. Bg3 Qg5) 21. Nxg3 Bxg3 22. Bxg3 Qxg3 23. Qf2 Qxf2+ 24. Kxf2 Kf7 25. g4 fxg4 26. Bxg6+ Rxg6 27. fxg4 {Precision: White = 59%, Black = 64%.} 1/2-1/2

[Event "EIWCC 2018"]
[Site "Vysoke Tatry"]
[Date "2018.04.10"]
[Round "3"]
[White "Fataliyeva, Ulviyya"]
[Black "Sandu, Mihaela"]
[Result "0-1"]
[WhiteElo "2361"]
[BlackElo "2240"]
[Annotator "NA"]
[PlyCount "86"]
[EventDate "2018.??.??"]
[EventType "swiss"]
[EventCountry "SVK"]
[SourceTitle "playchess.com"]
[Source "ChessBase"]
[SourceQuality "1"]
[TimeControl "40/5400+30:1800+30"]

1. e4 {[%emt 0:00:00]} c5 {[%emt 0:00:06]} 2. Nf3 {[%emt 0:00:00]} d6 {[%emt 0:00:17]} 3. d4 {[%emt 0:00:00]} cxd4 {[%emt 0:00:05]} 4. Nxd4 {[%emt 0:00:00]} Nf6 {[%emt 0:00:09]} 5. Nc3 {[%emt 0:00:00]} a6 {[%emt 0:00:07]} 6. Bg5 {[%emt 0:00:00]} Nbd7 {[%emt 0:00:36]} 7. f4 {[%emt 0:01:28]} Qc7 {[%emt 0:00:44]} 8. Qf3 {[%emt 0:01:37]} h6 {[%emt 0:00:41]} 9. Bh4 {[%emt 0:01:39]} g5 {[%emt 0:01:28]} 10. fxg5 {[%emt 0:00:33]} hxg5 {[%emt 0:00:05]} 11. Bxg5 {[%emt 0:02:15]} Qc5 {[%emt 0:00:54]} 12. Nf5 {[%emt 0:10:38]} e6 {[%emt 0:03:03]} 13. Bxf6 {[%emt 0:11:06]} Nxf6 {[%emt 0:00:11]} 14. Ng3 {[%emt 0:12:09]} Nd7 {[%emt 0:10:41]} 15. Be2 {[%emt 0:09:01]} Ne5 {[%emt 0:21:46]} 16. Qf2 {[%emt 0:05:21]} Qxf2+ {[%emt 0:09:53]} 17. Kxf2 {[%emt 0:00:03]} b5 {[%emt 0:00:13]} 18. a4 {[%emt 0:12:06]} b4 {[%emt 0:00:35]} 19. Na2 {[%emt 0:00:05]} d5 {[%emt 0:02:49]} 20. exd5 {[%emt 0:10:05]} Bb7 {[%emt 0:06:05]} 21. c4 {[%emt 0:10:51]} exd5 {[%emt 0:05:25]} 22. Rhe1 {[%emt 0:00:21]} Bc5+ {[%emt 0:00:51]} 23. Kf1 {[%emt 0:00:04]} Kf8 {[%emt 0:02:18]} 24. Bh5 {[%emt 0:07:45]} Nxc4 {[%emt 0:00:56]} 25. Rac1 {[%emt 0:00:24]} Bd6 {[%emt 0:02:47]} 26. Bf3 {[%emt 0:01:52]} Rxh2 {[%emt 0:09:54]} 27. Nf5 {[%emt 0:01:14]} Bc5 {[%emt 0:01:30]} 28. Ke2 {[%emt 0:00:28]} Re8+ {[%emt 0:00:29]} 29. Kd3 {[%emt 0:00:15]} Nxb2+ {[%emt 0:04:45]} 30. Kd2 {[%emt 0:00:13]} Nxa4 {[%emt 0:00:47]} 31. Rxe8+ {[%emt 0:00:46]} Kxe8 {[%emt 0:00:04]} 32. Rxc5 {[%emt 0:01:33]} Nxc5 {[%emt 0:00:17]} 33. Nd6+ {[%emt 0:00:15]} Kd7 {[%emt 0:05:30]} 34. Nxb7 {[%emt 0:00:04]} Nxb7 {[%emt 0:00:16]} 35. Nxb4 {[%emt 0:00:19]} a5 {[%emt 0:02:33]} 36. Nxd5 {[%emt 0:00:05]} Nd6 {[%emt 0:01:52]} 37. Kc3 {[%emt 0:01:02]} Rh4 {[%emt 0:01:35]} 38. Kb3 {[%emt 0:02:31]} Nb5 {[%emt 0:00:30]} 39. Bg4+ {[%emt 0:00:33]} Kd6 {[%emt 0:00:37]} 40. Ne3 {[%emt 0:00:00]} Kc5 {[%emt 0:00:21]} 41. g3 {[%emt 0:04:04]} Rh1 {[%emt 0:02:02]} 42. Kb2 {[%emt 0:05:39]} Rg1 {[%emt 0:00:46]} 43. Nf5 {[%emt 0:00:13]} Nd4 {[%emt 0:00:34]} 0-1

[Event "EIWCC 2018"]
[Site "Vysoke Tatry"]
[Date "2018.04.10"]
[Round "3"]
[White "Osmak, Iulija"]
[Black "Javakhishvili, Lela"]
[Result "0-1"]
[WhiteElo "2361"]
[BlackElo "2467"]
[Annotator "TA"]
[PlyCount "144"]
[EventDate "2018.??.??"]
[EventType "swiss"]
[EventCountry "SVK"]
[SourceTitle "playchess.com"]
[Source "ChessBase"]
[SourceQuality "1"]

{[%evp 15,144,-2,16,-104,-105,-133,-134,-129,-125,-117,-125,-130,-135,-136,-137,-137,-136,-152,-152,-153,-154,-154,-153,-145,-144,-138,-141,-158,-141,-146,-120,-153,-152,-164,-156,-169,-171,-182,-183,-178,-178,-181,-181,-181,-181,-181,-172,-172,-172,-171,-168,-166,-161,-182,-187,-187,-172,-173,-189,-169,-144,-178,-181,-196,-191,-189,-203,-206,-200,-194,-187,-218,-186,-188,-140,-227,-216,-366,-366,-313,-358,-422,-418,-670,-637,-921,-2433,-2777,-5157,-3931,-4794,-4798,-2227,-2674,-2477,-2459,-2200,-790,-1760,-3253,-2497,-1788,-1732,-2657,-2649,-2018,-1744,-6295,-5908,-29977,-29979,-29979,-29980,-29977,-29980,-29980,-29980,-29983,-29984,-29984,-29984,-29985,-29986,-29985,-29986,-29989,-29990,-29990,-29991,-29991,-29992]} 1. d4 Nf6 2. c4 e6 3. Nc3 Bb4 4. a3 Bxc3+ 5. bxc3 Nc6 6. f3 {E24: Nimzo-Indian: Sämisch: Unusual Black 5th moves and 5...c5 sidelines} d5 7. cxd5 exd5 8. e3 Bf5 {[%cal Bc8f5,Bf5e4,Be4f3][%mdl 32] LiveBook: 5 Games} 9. g4 {[#]} (9. Bd3 $11 Bxd3 10. Qxd3) 9... Nxg4 $1 $17 {[%mdl 512] ...Qh4+ is the strong threat.} 10. fxg4 $146 ({Predecessor:} 10. h4 Nf6 11. h5 Qd6 12. Kf2 g6 13. h6 {0-1 (29) Ikeda,J (2427)-Agdestein,S (2604) Helsingor 2017}) 10... Qh4+ 11. Kd2 Be4 (11... Bxg4 12. Be2 $16) 12. Nf3 Qf2+ ({Stronger than} 12... Qxg4 13. Be2 $16) 13. Qe2 Qxf3 14. Qxf3 Bxf3 15. Rg1 Na5 16. Rb1 Be4 17. Rb4 O-O 18. c4 dxc4 19. Bxc4 Nxc4+ 20. Rxc4 c6 21. Ke2 Bd5 22. Rc2 g5 23. Bd2 Rfe8 24. Bb4 Re6 25. Rg3 Kg7 26. Be1 Rae8 27. Rb2 b5 28. Ba5 Kg6 29. Rc2 Bc4+ 30. Kf2 h5 31. gxh5+ Kxh5 32. Rc1 Rf6+ 33. Rf3 Kg6 34. Rg1 Rxf3+ 35. Kxf3 $19 {[%mdl 4096] Endgame KRB-KRB} Bd5+ 36. Ke2 Rh8 37. Bc7 f6 38. Kd3 Bc4+ 39. Kd2 Rh7 40. Bd6 Kf5 41. Rg2 Ke4 42. Rg4+ Kd5 43. Bg3 Bf1 {[#] aiming for ...Bh3.} 44. e4+ Ke6 45. Bb8 (45. d5+ $17 cxd5 46. exd5+ Kxd5 47. h4) 45... Rb7 46. Rg1 (46. d5+ $142 cxd5 47. Bg3) 46... Rxb8 47. Rxf1 {KR-KR} Rh8 48. Kc3 Rxh2 49. a4 (49. Rc1 $142) 49... bxa4 {[%cal Bb5a4,Ba4a3][%mdl 32]} 50. Kc4 a3 51. d5+ cxd5+ 52. exd5+ Kf7 53. Rb1 Rb2 54. Rh1 Kg6 55. Kc3 Rb6 56. Ra1 Ra6 57. Kc4 a2 58. Kb5 Ra3 59. d6 Kf7 60. Kc6 Rc3+ 61. Kd7 Rc2 62. Kd8 g4 {[%cal Bg5g4,Bg4g3,Bg3g2][%mdl 32] Black mates.} 63. d7 g3 64. Rc1 Rd2 65. Kc8 g2 66. d8=Q Rxd8+ 67. Kxd8 {KR-KP} f5 {[%cal Bf6f5,Bf5f4,Bf4f3,Bf3f2][%mdl 32]} 68. Kd7 f4 69. Kd6 f3 70. Ke5 f2 71. Rc7+ Kg6 72. Rc6+ Kg5 {Precision: White = 39%, Black = 85%.} 0-1